000 00790nam a22002657a 4500
003 UA-OsUOA
001 44791
007 ta
008 20070313b un ||||| |||| 00| 0 ukr d
100 _aКлименко О.Ф.
700 _aГоловко Н.Р.
700 _aШарапов О.Д.
090 _a004(075.8)
_bК49
942 _cBK
040 _aUA-OsUOA
_bukr
_cUA-OsUOA
_dUA-OsUOA
245 _aІнформатика та комп'ютерна техніка
_bНавчально-методичний посібник
300 _a534 с.
955 _a2
041 _aukr
080 _a004(075.8)
020 _a966-574-678-3
260 _aК.
_bКНЕУ
_c2005
650 7 _a00 Загальні питання науки і культури
_2UDC
999 _c330911
_d330911